| 000 | 00341nam a22001457a 4500 | ||
|---|---|---|---|
| 003 | OSt | ||
| 005 | 20160727222406.0 | ||
| 008 | 160624b xxu||||| |||| 00| 0 eng d | ||
| 040 | _cTEST | ||
| 100 |
_9868 _aRidenour, F |
||
| 245 | _aIam a Good Man But… | ||
| 260 |
_aCALIFONIA _bG/L _c1967 |
||
| 300 | _aIam a Good Man But… | ||
| 942 |
_2ddc _cBK |
||
| 999 |
_c689 _d689 |
||